00336nam a2200121 a 4500008004100000050001400041100001900055245001700074246004400091260004300135300002700178350000900205120416s1978 ||||||||||||||||| || u aQC 93 Cum aCuming, Pamela10aMeasuring up amastering metrics for the world of work aReading, Mass.bAddison-Wesleyc[1978] avii, (Various Pagings) a0.00